Faculty of Law Library — Cairo University

Official Online Catalog

La Notion Judiciaire De L'Excès De Pouvoirs: (Record no. 76715)

MARC details
000 -LEADER
fixed length control field 00960nam a2200289 i 4500
003 - CONTROL NUMBER IDENTIFIER
control field EG-GICUC
005 - DATE AND TIME OF LATEST TRANSACTION
control field 20260513104103.0
008 - FIXED-LENGTH DATA ELEMENTS--GENERAL INFORMATION
fixed length control field 260513s1927 fr ||||fr|||| 00| 0 fre d
040 ## - CATALOGING SOURCE
Original cataloging agency EG-GiCUC
Language of cataloging fre
Transcribing agency EG-GiCUC
Modifying agency EG-GiCUC
Description conventions Rda
082 04 - DEWEY DECIMAL CLASSIFICATION NUMBER
Edition number 21
Classification number 345.8
Item number WA . N
092 04 - LOCALLY ASSIGNED DEWEY CALL NUMBER (OCLC)
Edition number 21
099 ## - LOCAL FREE-TEXT CALL NUMBER (OCLC)
Classification number Law1 07 345.8 WA . N 1927
100 1# - MAIN ENTRY--PERSONAL NAME
Personal name Waline,Marcel
Relator term Auteur
245 10 - TITLE STATEMENT
Title La Notion Judiciaire De L'Excès De Pouvoirs:
Remainder of title L'Excès De Pouvoirs Du Juge/
Statement of responsibility, etc. Marcel Waline.
Number of part/section of a work
264 #1 - PRODUCTION, PUBLICATION, DISTRIBUTION, MANUFACTURE, AND COPYRIGHT NOTICE
Place of production, publication, distribution, manufacture Paris :
Name of producer, publisher, distributor, manufacturer Librairie Dalloz,
Date of production, publication, distribution, manufacture, or copyright notice 1927.
300 ## - PHYSICAL DESCRIPTION
Extent 278 page :
Dimensions 24 cm.
336 ## - CONTENT TYPE
Source rda contenu
Content type term texte
337 ## - MEDIA TYPE
Source rda medias
Media type term Ordinateur
338 ## - CARRIER TYPE
Source transporteur rda
Carrier type term Ressource en ligne
546 ## - LANGUAGE NOTE
Language note Texte en français
650 14 - SUBJECT ADDED ENTRY--TOPICAL TERM
Topical term or geographic name entry element Droit Administratif
Source of heading or term
650 14 - SUBJECT ADDED ENTRY--TOPICAL TERM
Topical term or geographic name entry element Le Pouvoir Judiciaire Administratif et Ses Fonctions
651 1# - SUBJECT ADDED ENTRY--GEOGRAPHIC NAME
Source of heading or term
856 40 - ELECTRONIC LOCATION AND ACCESS
Uniform Resource Identifier <a href="https://fll.law.cu.edu.eg/fulltext/bks/B07-06134.pdf">https://fll.law.cu.edu.eg/fulltext/bks/B07-06134.pdf</a>
905 ## - Cataloger and Reviser Names
Cataloger Name: Logain Ashraf
942 ## - ADDED ENTRY ELEMENTS (KOHA)
Source of classification or shelving scheme Dewey Decimal Classification
Koha item type Books
Edition 21
Suppress in OPAC No
Holdings
Withdrawn status Lost status Source of classification or shelving scheme Damaged status Not for loan Collection Home library Current library Date acquired Total checkouts Full call number Barcode Date last seen Copy number Price effective from Koha item type
    Dewey Decimal Classification   Not for loan القانون الإداري جــــامعة القــاهرة مكتبة كلية الحقوق - المبنى الرئيسي 13.05.2026   Law1 07 345.8 WA . N 1927 0706134 C1 B07-06134 13.05.2026 1 13.05.2026 Books

© All rights reserved — Faculty of Law, Cairo University

Implemented and Customized by: Eng. M. Mohamady